000 00328nam a2200145Ia 4500
005 20251222153616.0
008 251222s9999||||xx |||||||||||||| ||spa||
020 _a8882271684
082 _a274.05/B69
100 _aBianchi, Enzo
245 0 _aLa Parrocchia
250 _a1ra.ed.
264 _bEdizioni Qiqajon
942 _cLIB
999 _c31808
_d31808